000 00484nam a2200193Ia 4500
008 170705s9999 xx 000 0 und d
020 _a9780439802383
245 _aBunnicula and friends :
245 _bhot fudge /
245 _cJames Howe ; illustrated by Jeff Mack.
260 _aNew York :
260 _bScholastic,
260 _c2004
300 _a40 pages :
300 _bcolor illustration ;
300 _c23cm.
440 _aReady-to-read level 3.
500 _a340
999 _c335567
_d335567